[Event "67th Moscow Blitz 2013"]
[Site "Moscow RUS"]
[Date "2013.09.01"]
[Round "1"]
[White "Kovalenko, Igor"]
[Black "Reshetnikov, Alexey"]
[Result "0-1"]
[WhiteTitle "GM"]
[BlackTitle "IM"]
[WhiteElo "2644"]
[BlackElo "2497"]
[WhiteFideId "14117908"]
[BlackFideId "4162080"]
[EventDate "2013.09.01"]

1. d4 d5 2. c4 c6 3. Nc3 Nf6 4. e3 a6 5. Nf3 e6 6. b3 Bb4 7. Bd2 O-O 8. Be2 Nbd7
9. O-O Bd6 10. Qc2 e5 11. cxd5 cxd5 12. dxe5 Nxe5 13. h3 Be6 14. Rad1 Rc8 15.
Qb2 Nxf3+ 16. Bxf3 Be5 17. Rc1 Ne4 18. Bxe4 dxe4 19. Qc2 f5 20. Qd1 Qd3 21. Nb1
Rfd8 22. Rxc8 Rxc8 23. Qh5 b5 24. Ba5 Qc2 25. g4 Qxa2 26. gxf5 Bf7 27. Qg4 Bf6
28. Bc3 h5 29. Qxe4 Bxc3 30. Qb7 Rc5 31. Qb8+ Kh7 32. Qf8 Rxf5 33. Nxc3 Rg5+ 34.
Kh2 Qxb3 35. Ne4 Re5 36. Nd6 Bg6 37. Qf4 Qe6 38. Rd1 a5 39. Nb7 Rf5 40. Qg3 b4
41. Rd6 Qf7 42. f4 Rd5 43. Nd8 Qf5 44. Nb7 Qc2+ 45. Qg2 Qxg2+ 46. Kxg2 Rxd6 47.
Nxd6 b3 48. Nc4 b2 49. Nxb2 Bc2 50. h4 a4 51. Nc4 Be4+ 52. Kf2 Kg6 53. Ke2 Bd5
54. Na3 Kf5 55. Kd3 Bb3 56. Nb5 Kg4 57. Ke4 Kxh4 58. Kf3 g5 59. Nd4 Bd5+ 60. e4
g4+ 61. Ke3 Bc4 62. e5 a3 63. f5 a2 64. Nc2 Kg5 65. e6 Kxf5 66. e7 Bf7 0-1

[Event "67th Moscow Blitz 2013"]
[Site "Moscow RUS"]
[Date "2013.09.01"]
[Round "1"]
[White "Ulko, Jaroslav"]
[Black "Glek, Igor"]
[Result "1-0"]
[WhiteTitle "IM"]
[BlackTitle "GM"]
[WhiteElo "2443"]
[BlackElo "2460"]
[WhiteFideId "4116658"]
[BlackFideId "4100484"]
[EventDate "2013.09.01"]

1. d4 Nf6 2. Nf3 g6 3. c4 Bg7 4. Nc3 O-O 5. e4 d6 6. Be2 a5 7. O-O Na6 8. Re1 e5
9. Bf1 c6 10. Be3 exd4 11. Bxd4 Re8 12. h3 Nh5 13. e5 Nc5 14. exd6 Rxe1 15. Qxe1
Bxd4 16. Nxd4 Qxd6 17. Qe8+ Qf8 18. Qe5 Bd7 19. Rd1 a4 20. Be2 Ng7 21. Bf3 Re8
22. Qc7 Nge6 23. Nxe6 Bxe6 24. Qf4 Qe7 25. Qd4 Bc8 26. Qf4 Ne6 27. Qe5 Nc5 28.
Qxe7 Rxe7 29. Rd8+ Kg7 30. Rxc8 Re1+ 31. Kh2 Nd3 32. Rc7 Nxb2 33. Rxb7 a3 34.
Bxc6 Nxc4 35. Bd5 Nd6 36. Rd7 Nf5 37. Rxf7+ Kh6 38. Ne4 Re2 39. g4 Ng7 40. g5+
Kh5 41. Rxg7 h6 42. Rh7 1-0

[Event "67th Moscow Blitz 2013"]
[Site "Moscow RUS"]
[Date "2013.09.01"]
[Round "1"]
[White "Mozharov, Mikhail"]
[Black "Riazantsev, Alexander"]
[Result "0-1"]
[WhiteTitle "IM"]
[BlackTitle "GM"]
[WhiteElo "2508"]
[BlackElo "2700"]
[WhiteFideId "4189825"]
[BlackFideId "4125029"]
[EventDate "2013.09.01"]

1. d4 Nf6 2. Nf3 e6 3. c4 b6 4. g3 Bb4+ 5. Bd2 Bxd2+ 6. Nbxd2 Bb7 7. Bg2 c5 8.
O-O cxd4 9. Nxd4 Bxg2 10. Kxg2 Qc7 11. Rc1 a6 12. N2f3 O-O 13. Qd2 d6 14. Rfd1
Rd8 15. b4 h6 16. Qe3 Qb7 17. a3 Nc6 18. Kg1 Ne7 19. Nb3 Rac8 20. Rd3 Nf5 21.
Qd2 e5 22. Ne1 e4 23. Rdc3 e3 24. Rxe3 Nxe3 25. Qxe3 Rc7 26. Nf3 Re8 27. Qd3
Rce7 28. Nfd4 Qd7 29. Kg2 g6 30. f3 h5 31. e4 h4 32. Nd2 Qb7 33. Kg1 Nd7 34. Nf1
Ne5 35. Qc3 b5 36. Ne3 Nxc4 37. Nd5 Re6 38. Ne2 Ne5 39. Nef4 Kg7 40. Nxe6+ fxe6
41. Nf4 g5 42. Nd3 Qb8 43. Nxe5 dxe5 44. Qc7+ Qxc7 45. Rxc7+ Kf6 46. Kg2 Rd8 47.
Rc6 Rd2+ 48. Kh3 Rd3 49. Rxa6 Rxf3 0-1

[Event "67th Moscow Blitz 2013"]
[Site "Moscow RUS"]
[Date "2013.09.01"]
[Round "1"]
[White "Gunina, Valentina"]
[Black "Najer, Evgeniy"]
[Result "0-1"]
[WhiteTitle "GM"]
[BlackTitle "GM"]
[WhiteElo "2506"]
[BlackElo "2626"]
[WhiteFideId "4167570"]
[BlackFideId "4118987"]
[EventDate "2013.09.01"]

1. d4 d5 2. Nf3 Nf6 3. g3 Bf5 4. Bg2 c6 5. O-O h6 6. c4 e6 7. b3 Nbd7 8. Bb2 Be7
9. Nbd2 O-O 10. Ne5 a5 11. Rc1 a4 12. Bc3 axb3 13. axb3 Ra2 14. b4 Qa8 15. Re1
Rd8 16. cxd5 cxd5 17. Qb3 Qa3 18. b5 Nxe5 19. dxe5 Nd7 20. Ra1 Ra8 21. Rxa2 Qxa2
22. Ra1 Qxa1+ 23. Bxa1 Rxa1+ 24. Bf1 Bh3 25. Qc3 Rd1 26. Qc2 Re1 27. Qc8+ Nf8
28. Qc3 b6 29. g4 Bxg4 30. Nb3 Rd1 31. Qc2 Re1 32. Qd2 Rb1 33. Qd3 Bf5 34. Qc3
Ng6 35. e4 dxe4 36. Nd2 Rd1 37. Nc4 Bc5 38. Ne3 Bxe3 39. Qxe3 Nh4 40. h3 Re1 41.
Qxb6 Nf3+ 42. Kg2 Ng5 43. Qd8+ Kh7 44. Bc4 Nf3 45. Kg3 g5 0-1

[Event "67th Moscow Blitz 2013"]
[Site "Moscow RUS"]
[Date "2013.09.01"]
[Round "2"]
[White "Eliseev, Urii"]
[Black "Gunina, Valentina"]
[Result "1/2-1/2"]
[WhiteTitle "IM"]
[BlackTitle "GM"]
[WhiteElo "2550"]
[BlackElo "2506"]
[WhiteFideId "24131920"]
[BlackFideId "4167570"]
[EventDate "2013.09.01"]

1. e4 c6 2. d3 d5 3. Nd2 Nf6 4. g3 e5 5. Bg2 Bd6 6. Ngf3 O-O 7. O-O Bg4 8. Re1
dxe4 9. dxe4 Bc7 10. Qe2 Nbd7 11. Nc4 Bh5 12. b3 b5 13. Ncd2 Qe7 14. a4 b4 15.
Bb2 Rad8 16. Rad1 h6 17. h3 Nc5 18. g4 Bg6 19. Nh4 Bh7 20. Nf5 Qe6 21. Nc4 Bg6
22. Qe3 Nxa4 23. Qxa7 Nxb2 24. Nxb2 Bb8 25. Qb7 c5 26. Nc4 Kh7 27. Bf3 Rfe8 28.
Kg2 Rd7 29. Rxd7 Qxd7 30. Qxd7 Nxd7 31. Rd1 Nf8 32. Rd5 Ne6 33. Kg3 f6 34. Rd7
Rd8 35. Nb6 Bc7 36. Rxd8 Bxd8 37. Nd5 Nd4 38. Nde3 Bc7 39. Kg2 Bf7 40. Ne7 Bd6
41. N7d5 Be6 42. Kg3 Kg8 43. Bg2 Kf7 44. Bf1 Bxd5 45. exd5 e4+ 46. Kg2 Bf4 47.
Nc4 Nxc2 48. Be2 Nd4 49. Bd1 Ke7 50. h4 g6 51. Kf1 Kd7 52. Ke1 g5 53. hxg5 hxg5
54. Kf1 Nb5 55. Bc2 Nc3 56. Ke1 Be5 57. Kf1 Bd4 58. Kg2 Ke7 59. Kg3 Be5+ 60. Kg2
Bf4 61. Kf1 Bc7 62. Nd2 e3 63. fxe3 Nxd5 64. Nc4 Bg3 65. Ke2 Nc3+ 66. Kf3 Bc7
67. Bf5 Nd5 68. Ke4 Nc3+ 69. Kd3 Nb5 70. Nd2 Nc3 71. Kc4 Kd6 72. Ne4+ Nxe4 73.
Bxe4 1/2-1/2

[Event "67th Moscow Blitz 2013"]
[Site "Moscow RUS"]
[Date "2013.09.01"]
[Round "2"]
[White "Glek, Igor"]
[Black "Popov, Ivan RUS"]
[Result "1/2-1/2"]
[WhiteTitle "GM"]
[BlackTitle "GM"]
[WhiteElo "2460"]
[BlackElo "2656"]
[WhiteFideId "4100484"]
[BlackFideId "4170350"]
[EventDate "2013.09.01"]

1. e4 c6 2. f4 d5 3. e5 c5 4. Nf3 Bg4 5. Bb5+ Nc6 6. Bxc6+ bxc6 7. h3 Bxf3 8.
Qxf3 e6 9. d3 h5 10. g3 g6 11. c4 Nh6 12. Be3 Nf5 13. Bf2 Rb8 14. b3 Qa5+ 15.
Kf1 Be7 16. Kg2 Rd8 17. Qe2 g5 18. Nd2 gxf4 19. gxf4 Bh4 20. Nf3 Rg8+ 21. Kh2
Bxf2 22. Qxf2 dxc4 23. dxc4 Qc3 24. Rhd1 Nd4 25. Ng5 Qc2 26. Qxc2 Nxc2 27. Rxd8+
Kxd8 28. Rd1+ Ke7 29. Ne4 Nd4 30. Nxc5 Nf3+ 31. Kh1 f6 1/2-1/2

[Event "67th Moscow Blitz 2013"]
[Site "Moscow RUS"]
[Date "2013.09.01"]
[Round "2"]
[White "Reshetnikov, Alexey"]
[Black "Savchenko, Boris"]
[Result "1-0"]
[WhiteTitle "IM"]
[BlackTitle "GM"]
[WhiteElo "2497"]
[BlackElo "2602"]
[WhiteFideId "4162080"]
[BlackFideId "4147332"]
[EventDate "2013.09.01"]

1. c4 e5 2. Nc3 Nc6 3. g3 Nf6 4. Bg2 Bb4 5. Nd5 Bc5 6. e3 d6 7. Ne2 a6 8. O-O
Bg4 9. b3 Nxd5 10. cxd5 Ne7 11. h3 Bd7 12. d4 exd4 13. Nxd4 Nf5 14. Bb2 O-O 15.
Nxf5 Bxf5 16. Bd4 Re8 17. Rc1 Ba3 18. Rc4 Qd7 19. Kh2 Be4 20. Bxe4 Rxe4 21. Qc2
Re7 22. Qc3 f6 23. Ra4 Qb5 24. Rd1 Bc5 25. Bxc5 dxc5 26. Ra5 Qe2 27. Rd2 Qf3 28.
Rxc5 h5 29. Rxc7 Re5 30. Rc8+ Rxc8 31. Qxc8+ Kh7 32. d6 h4 33. Qg4 hxg3+ 34.
Qxg3 Qxg3+ 35. Kxg3 Re8 36. d7 Rd8 37. Kf4 Kg6 38. h4 Kf7 39. h5 Ke6 40. e4 a5
41. a4 b6 42. Kg4 Ke5 43. f3 Ke6 44. Kf4 Kf7 45. Kf5 Ke7 46. Kg6 Kf8 47. h6 gxh6
48. Kxf6 h5 49. e5 h4 50. e6 1-0

[Event "67th Moscow Blitz 2013"]
[Site "Moscow RUS"]
[Date "2013.09.01"]
[Round "3"]
[White "Ulko, Jaroslav"]
[Black "Belous, Vladimir"]
[Result "0-1"]
[WhiteTitle "IM"]
[BlackTitle "GM"]
[WhiteElo "2443"]
[BlackElo "2554"]
[WhiteFideId "4116658"]
[BlackFideId "4174003"]
[EventDate "2013.09.01"]

1. d4 Nf6 2. c4 g6 3. Nc3 d5 4. cxd5 Nxd5 5. Nf3 Bg7 6. Bg5 c5 7. Rc1 Nxc3 8.
bxc3 O-O 9. Qd2 Nc6 10. d5 Na5 11. c4 b6 12. e4 Qd7 13. Bd3 e5 14. Bh6 f6 15.
Bxg7 Kxg7 16. O-O Nb7 17. h3 Nd6 18. Qc3 Qe8 19. Nd2 Bd7 20. Rce1 Qe7 21. f4
Rae8 22. f5 Kh8 23. fxg6 hxg6 24. Re3 Kg7 25. Rg3 Rh8 26. Be2 Rh4 27. Qe3 Reh8
28. Bd3 Be8 29. Nf3 Rf4 30. Nd2 Rxf1+ 31. Nxf1 Qd7 32. Nh2 Qa4 33. Qe2 Qa3 34.
Ng4 Bd7 35. Ne3 a6 36. Kh2 b5 37. cxb5 axb5 38. Bxb5 Bxb5 39. Nf5+ Nxf5 0-1

[Event "67th Moscow Blitz 2013"]
[Site "Moscow RUS"]
[Date "2013.09.01"]
[Round "3"]
[White "Popov, Ivan RUS"]
[Black "Karjakin, Sergey"]
[Result "0-1"]
[WhiteTitle "GM"]
[BlackTitle "GM"]
[WhiteElo "2656"]
[BlackElo "2772"]
[WhiteFideId "4170350"]
[BlackFideId "14109603"]
[EventDate "2013.09.01"]

1. e4 e5 2. Nf3 Nc6 3. Nc3 Nf6 4. Bb5 Nd4 5. Nxd4 exd4 6. e5 dxc3 7. exf6 Qxf6
8. dxc3 Bc5 9. Qe2+ Qe7 10. Qxe7+ Bxe7 11. Bf4 c6 12. Bd3 d5 13. c4 Be6 14. cxd5
Bxd5 15. f3 Bf6 16. O-O-O O-O 17. c4 Be6 18. b3 a5 19. a4 b5 20. Kc2 g5 21. Bd6
Rfd8 22. c5 Rac8 23. Be4 Rd7 24. g4 Rb7 25. Rb1 Kg7 26. Rhd1 h6 27. h3 h5 28.
Rh1 Kh6 29. Rhd1 Kg7 30. Rh1 Be7 31. Rhd1 Kf6 32. Bxe7+ Rxe7 33. Rd6 b4 34. Rbd1
h4 35. Rxc6 Rxc6 36. Bxc6 Rc7 37. Rd6 Ke5 38. Kb2 Kf4 39. Bd5 Rxc5 40. Bxe6 fxe6
41. Rxe6 Kxf3 42. Rf6+ Ke4 43. Rf2 Rc3 44. Rf5 Rxh3 45. Rxg5 Rh2+ 46. Kc1 Kf4
47. Rxa5 h3 48. Rh5 Kxg4 49. Rh8 Ra2 50. Kb1 Rf2 51. Rg8+ Kf3 52. Rf8+ Ke3 53.
Rh8 h2 0-1

[Event "67th Moscow Blitz 2013"]
[Site "Moscow RUS"]
[Date "2013.09.01"]
[Round "3"]
[White "Mozharov, Mikhail"]
[Black "Glek, Igor"]
[Result "1-0"]
[WhiteTitle "IM"]
[BlackTitle "GM"]
[WhiteElo "2508"]
[BlackElo "2460"]
[WhiteFideId "4189825"]
[BlackFideId "4100484"]
[EventDate "2013.09.01"]

1. c4 e5 2. Nc3 Bb4 3. g3 Bxc3 4. bxc3 Nf6 5. d3 O-O 6. Bg2 Re8 7. e4 c6 8. Ne2
d5 9. cxd5 cxd5 10. exd5 Nxd5 11. O-O Nc6 12. c4 Ndb4 13. Nc3 Nxd3 14. Be3 Ndb4
15. Qb3 Qa5 16. Rfd1 Bg4 17. Rd2 Rad8 18. h3 Rxd2 19. Bxd2 Be6 20. Nd5 Nd4 21.
Qxb4 Qxb4 22. Bxb4 Nc2 23. Rc1 Bxd5 24. Rxc2 Bxg2 25. Kxg2 Rc8 26. Kf3 f6 27.
Ke4 Kf7 28. Kd5 Rd8+ 29. Bd6 b6 30. a4 1-0

[Event "67th Moscow Blitz 2013"]
[Site "Moscow RUS"]
[Date "2013.09.01"]
[Round "3"]
[White "Korotylev, Alexey"]
[Black "Riazantsev, Alexander"]
[Result "0-1"]
[WhiteTitle "GM"]
[BlackTitle "GM"]
[WhiteElo "2573"]
[BlackElo "2700"]
[WhiteFideId "4119142"]
[BlackFideId "4125029"]
[EventDate "2013.09.01"]

1. Nf3 Nf6 2. c4 e6 3. g3 d5 4. Bg2 dxc4 5. Qa4+ Nbd7 6. Qxc4 a6 7. Qb3 Rb8 8.
O-O c5 9. a4 b6 10. d3 Bd6 11. Na3 Bb7 12. Nc4 Bc7 13. Bd2 O-O 14. Rfc1 Bd5 15.
Qd1 Qe7 16. Rab1 a5 17. Bc3 Rfd8 18. Nfd2 h6 19. b3 e5 20. e3 0-1

[Event "67th Moscow Blitz 2013"]
[Site "Moscow RUS"]
[Date "2013.09.01"]
[Round "3"]
[White "Gunina, Valentina"]
[Black "Demidov, Mikhail"]
[Result "1-0"]
[WhiteTitle "GM"]
[BlackTitle "IM"]
[WhiteElo "2506"]
[BlackElo "2503"]
[WhiteFideId "4167570"]
[BlackFideId "4197143"]
[EventDate "2013.09.01"]

1. d4 e6 2. Nf3 b6 3. c4 Bb7 4. g3 Nf6 5. Bg2 Be7 6. O-O d5 7. cxd5 Nxd5 8. Qc2
O-O 9. a3 Nd7 10. e4 N5f6 11. Nc3 c5 12. Rd1 cxd4 13. Nxd4 Qc8 14. Bf4 a6 15. h3
Rd8 16. Rac1 e5 17. Nf5 Bf8 18. Be3 Qc6 19. Qe2 Qe6 20. g4 Nc5 21. Bxc5 Bxc5 22.
b4 Bd4 23. Nd5 Nxd5 24. exd5 Bxd5 25. Bxd5 Rxd5 26. Rc6 Qd7 27. Rdc1 Rd8 28. Rc7
Qe6 29. Ne7+ Kf8 30. Nxd5 Qxd5 31. Rc8 g6 32. Rxd8+ Qxd8 33. Rc2 Kg7 34. Qe4 a5
35. bxa5 bxa5 36. a4 Qh4 37. Kg2 Qf6 38. Qf3 Qe7 39. Rc6 e4 40. Qf4 Qd7 41. Rc7
Qe6 42. g5 Be5 43. Rxf7+ Qxf7 44. Qxe5+ Kg8 45. Qxe4 Qd7 46. Qa8+ Kg7 47. Qxa5
Qc6+ 48. Kg3 Qd6+ 49. Kf3 Qc6+ 50. Kf4 Qc4+ 51. Kg3 Qd3+ 52. Kh2 Qd6+ 53. Kg2
Qc6+ 54. f3 Qc2+ 55. Kg3 Qc1 56. Qe5+ Kg8 57. Qe6+ Kg7 58. Qf6+ Kg8 59. Qd8+ Kg7
60. Qd4+ Kg8 61. Qd5+ Kg7 62. Qe5+ Kg8 63. Qd5+ Kg7 64. Qd4+ Kg8 65. Kg4 Qc8+
66. Kh4 Qc7 67. f4 Qc1 68. Kg3 Qe1+ 69. Kf3 Qf1+ 70. Ke4 Qxh3 71. Qd5+ Kg7 72.
Qe5+ Kg8 73. a5 Qg2+ 74. Kd4 Qb2+ 75. Kc4 Qa2+ 76. Kb5 Qb3+ 77. Kc6 Qc4+ 78. Kd6
Qa6+ 79. Ke7 Qa7+ 80. Kf6 Qa6+ 1-0

[Event "67th Moscow Blitz 2013"]
[Site "Moscow RUS"]
[Date "2013.09.01"]
[Round "3"]
[White "Najer, Evgeniy"]
[Black "Eliseev, Urii"]
[Result "1-0"]
[WhiteTitle "GM"]
[BlackTitle "IM"]
[WhiteElo "2626"]
[BlackElo "2550"]
[WhiteFideId "4118987"]
[BlackFideId "24131920"]
[EventDate "2013.09.01"]

1. e4 c5 2. Nc3 d6 3. Nf3 Nc6 4. d4 cxd4 5. Nxd4 Nf6 6. Bg5 e6 7. Qd2 a6 8.
O-O-O Bd7 9. f3 h6 10. Be3 b5 11. Kb1 Qc7 12. Nxc6 Bxc6 13. Bd3 Be7 14. Ne2 Nd7
15. Nd4 Bb7 16. Rhe1 d5 17. exd5 Bxd5 18. Nf5 Bf8 19. Bd4 Rg8 20. Ne3 Bc6 21. c4
b4 22. Nd5 Qb7 23. Qf4 Rc8 24. Rxe6+ fxe6 25. Bg6+ Kd8 26. Qh4+ Nf6 27. Bb6+ Kd7
28. Nxf6+ 1-0

[Event "67th Moscow Blitz 2013"]
[Site "Moscow RUS"]
[Date "2013.09.01"]
[Round "4"]
[White "Karjakin, Sergey"]
[Black "Mozharov, Mikhail"]
[Result "1/2-1/2"]
[WhiteTitle "GM"]
[BlackTitle "IM"]
[WhiteElo "2772"]
[BlackElo "2508"]
[WhiteFideId "14109603"]
[BlackFideId "4189825"]
[EventDate "2013.09.01"]

1. e4 c5 2. Nf3 e6 3. g3 d5 4. exd5 exd5 5. d4 Nf6 6. Bg2 Nc6 7. Be3 cxd4 8.
Nxd4 Be7 9. O-O O-O 10. Qd2 Bg4 11. b3 Ne5 12. f4 a6 13. f5 Nc6 1/2-1/2

[Event "67th Moscow Blitz 2013"]
[Site "Moscow RUS"]
[Date "2013.09.01"]
[Round "4"]
[White "Belous, Vladimir"]
[Black "Popov, Ivan RUS"]
[Result "0-1"]
[WhiteTitle "GM"]
[BlackTitle "GM"]
[WhiteElo "2554"]
[BlackElo "2656"]
[WhiteFideId "4174003"]
[BlackFideId "4170350"]
[EventDate "2013.09.01"]

1. d4 d5 2. c4 c6 3. Nf3 Nf6 4. e3 Bg4 5. h3 Bxf3 6. Qxf3 e6 7. Nc3 Nbd7 8. Bd3
Bb4 9. O-O O-O 10. Bc2 dxc4 11. Qe2 Qa5 12. b3 0-1

[Event "67th Moscow Blitz 2013"]
[Site "Moscow RUS"]
[Date "2013.09.01"]
[Round "5"]
[White "Mozharov, Mikhail"]
[Black "Belous, Vladimir"]
[Result "1-0"]
[WhiteTitle "IM"]
[BlackTitle "GM"]
[WhiteElo "2508"]
[BlackElo "2554"]
[WhiteFideId "4189825"]
[BlackFideId "4174003"]
[EventDate "2013.09.01"]

1. d4 Nf6 2. Nf3 g6 3. Bg5 Bg7 4. Nbd2 O-O 5. e4 d6 6. c3 Nc6 7. Bd3 e5 8. dxe5
dxe5 9. Qe2 h6 10. Bh4 Qe8 11. Bxf6 Bxf6 12. Nc4 Bg7 13. Ne3 Nd8 14. h4 Ne6 15.
g3 h5 16. O-O-O c6 17. Bc2 b5 18. Ng5 Qe7 19. Nf5 gxf5 20. exf5 Nxg5 21. hxg5
Qxg5+ 22. f4 exf4 23. Rxh5 f3+ 24. Rxg5 fxe2 25. Re1 f6 26. Bb3+ Kh7 27. Rh5+
Bh6+ 28. Kc2 Re8 29. Reh1 e1=Q 30. Rxh6+ Kg7 31. Rh7+ Kf8 32. Rh8+ Ke7 33. Rxe1+ 1-0

[Event "67th Moscow Blitz 2013"]
[Site "Moscow RUS"]
[Date "2013.09.01"]
[Round "5"]
[White "Korotylev, Alexey"]
[Black "Glek, Igor"]
[Result "0-1"]
[WhiteTitle "GM"]
[BlackTitle "GM"]
[WhiteElo "2573"]
[BlackElo "2460"]
[WhiteFideId "4119142"]
[BlackFideId "4100484"]
[EventDate "2013.09.01"]

1. Nf3 d6 2. d4 Nf6 3. c4 g6 4. Nc3 Bg7 5. e4 O-O 6. Be2 a5 7. O-O Na6 8. Re1 e5
9. Bf1 c6 10. Be3 exd4 11. Bxd4 Re8 12. Qc2 Bg4 13. Nd2 Nb4 14. Qc1 c5 15. Be3
Nd7 16. f3 Be6 17. a3 Nc6 18. Nb5 Nd4 19. Nxd6 Rf8 20. Nb5 Ne5 21. Nc3 f5 22.
Kh1 f4 23. Bf2 g5 24. Nd5 g4 25. fxg4 Bxg4 26. a4 Ra6 27. Ra3 Rh6 28. Nb3 f3 29.
g3 Ne2 30. Qc2 b6 31. Nc1 Nd4 32. Qd2 Rh5 33. Ne3 Bh3 34. Bxh3 Rxh3 35. Nf5 Nxc4
36. Qd3 Nxa3 37. Nxg7 Kxg7 38. bxa3 Qd7 39. Qe3 Qe6 40. Rf1 Qh6 41. Qxh6+ Rxh6
42. Nd3 Re6 43. e5 Nc2 44. h4 Rd8 45. Nb2 Rxe5 46. Nc4 Re6 47. Rc1 Re2 48. Kg1
Rd3 49. Rb1 Nxa3 50. Nxa3 Rxa3 51. g4 Raa2 52. Rf1 Rxa4 0-1

[Event "67th Moscow Blitz 2013"]
[Site "Moscow RUS"]
[Date "2013.09.01"]
[Round "5"]
[White "Najer, Evgeniy"]
[Black "Riazantsev, Alexander"]
[Result "1-0"]
[WhiteTitle "GM"]
[BlackTitle "GM"]
[WhiteElo "2626"]
[BlackElo "2700"]
[WhiteFideId "4118987"]
[BlackFideId "4125029"]
[EventDate "2013.09.01"]

1. e4 c6 2. d4 d5 3. e5 Bf5 4. h4 h5 5. c4 e6 6. Nc3 Bb4 7. Qb3 a5 8. a3 dxc4 9.
Bxc4 Bxc3+ 10. Qxc3 Nd7 11. Bg5 Ne7 12. Ne2 Nb6 13. Nf4 Qd7 14. Ba2 Ned5 15.
Nxd5 Nxd5 16. Qc5 b6 17. Qc4 O-O 18. Qe2 a4 19. Qxh5 c5 20. Rd1 Rfc8 21. O-O c4
22. Rc1 b5 23. Qf3 Qc6 24. h5 Ra7 25. Qg3 Kh8 26. Qh4 Rf8 27. Rfe1 f6 28. Bf4
Raf7 29. Bg3 Bh7 30. exf6 gxf6 31. Bb1 Bxb1 32. Rxb1 f5 33. Be5+ Kh7 34. f3 Rg8
35. Kh2 Rb7 36. Rbc1 Qe8 37. Rc2 Qe7 38. Qxe7+ Rxe7 39. Bd6 Ree8 40. Rce2 f4 41.
Rxe6 Rxe6 42. Rxe6 c3 43. bxc3 Nxc3 44. Re7+ Rg7 45. Rxg7+ Kxg7 46. Bxf4 b4 47.
axb4 Ne2 48. Be5+ Kf7 49. d5 a3 50. b5 a2 51. b6 1-0

[Event "67th Moscow Blitz 2013"]
[Site "Moscow RUS"]
[Date "2013.09.01"]
[Round "5"]
[White "Eliseev, Urii"]
[Black "Demidov, Mikhail"]
[Result "0-1"]
[WhiteTitle "IM"]
[BlackTitle "IM"]
[WhiteElo "2550"]
[BlackElo "2503"]
[WhiteFideId "24131920"]
[BlackFideId "4197143"]
[EventDate "2013.09.01"]

1. e4 e6 2. d4 d5 3. Nc3 Be7 4. Bd3 c5 5. dxc5 Nf6 6. Nf3 dxe4 7. Nxe4 Nxe4 8.
Bxe4 Qxd1+ 9. Kxd1 Bxc5 10. Ke2 Ke7 11. Be3 Bxe3 12. Kxe3 Nd7 13. Nd4 Nc5 14.
Bf3 a5 15. Rad1 Rd8 16. Rhe1 Ra6 17. Kf4 g6 18. Nb5 Rxd1 19. Rxd1 Rb6 20. c4 Bd7
21. Be2 Na4 22. Rd2 f6 23. Ke3 Bxb5 24. cxb5 Rd6 25. Rc2 Nb6 26. Bf3 Rd7 27. Rc5
Na4 28. Rc2 Nb6 29. h4 e5 30. h5 f5 31. g4 e4 32. Bh1 Nd5+ 33. Ke2 Kf6 34. hxg6
hxg6 35. gxf5 gxf5 36. a3 Ke5 37. Ke1 Rg7 38. Kf1 Rc7 39. Rd2 Rc1+ 40. Kg2 Nf4+
41. Kh2 Nd3 42. f3 Kd4 43. fxe4 fxe4 44. Rg2 Ne5 45. Rg7 e3 46. Bg2 e2 0-1

[Event "67th Moscow Blitz 2013"]
[Site "Moscow RUS"]
[Date "2013.09.01"]
[Round "6"]
[White "Riazantsev, Alexander"]
[Black "Eliseev, Urii"]
[Result "0-1"]
[WhiteTitle "GM"]
[BlackTitle "IM"]
[WhiteElo "2700"]
[BlackElo "2550"]
[WhiteFideId "4125029"]
[BlackFideId "24131920"]
[EventDate "2013.09.01"]

1. d4 d5 2. c4 dxc4 3. e3 Nf6 4. Bxc4 e6 5. Nf3 c5 6. O-O a6 7. Bd3 cxd4 8. exd4
Be7 9. Nc3 b5 10. a3 Bb7 11. Bg5 O-O 12. Bc2 Nbd7 13. Re1 Rc8 14. Qd3 Re8 15.
Rad1 g6 16. Bb3 Nb6 17. Ne5 Nfd5 18. Bxe7 Qxe7 19. Ne4 Nf4 20. Qg3 Bxe4 21. Qxf4
Bd5 22. Bxd5 Nxd5 23. Qe4 Rc7 24. h4 Rec8 25. h5 Qg5 26. hxg6 hxg6 27. Nf3 Qf5
28. Qxf5 gxf5 29. Re2 Kf8 30. g3 Ke7 31. Kf1 Kd6 32. Ne5 Nb6 33. Rde1 Ke7 34.
Ng6+ Kd6 35. Ne5 Kd5 36. Nd3 a5 37. Nb4+ Kxd4 38. Rd2+ Kc4 39. Na6 Rc6 40. Re3
b4 41. a4 Nxa4 42. b3+ Kb5 43. bxa4+ Kxa6 44. Rd7 R8c7 45. Rd8 Rc3 46. Re5 R7c5
47. Re2 b3 48. Rb8 R5c4 49. Re5 Rb4 50. Ra8+ Kb6 51. Rexa5 b2 52. R5a6+ Kc7 53.
R8a7+ Rb7 0-1

[Event "67th Moscow Blitz 2013"]
[Site "Moscow RUS"]
[Date "2013.09.01"]
[Round "6"]
[White "Glek, Igor"]
[Black "Gunina, Valentina"]
[Result "0-1"]
[WhiteTitle "GM"]
[BlackTitle "GM"]
[WhiteElo "2460"]
[BlackElo "2506"]
[WhiteFideId "4100484"]
[BlackFideId "4167570"]
[EventDate "2013.09.01"]

1. e4 c6 2. f4 d5 3. e5 Bf5 4. Nf3 e6 5. c3 Nd7 6. h3 h5 7. d3 Be7 8. g3 Nh6 9.
Be2 Qb6 10. Na3 f6 11. exf6 Bxf6 12. Nc2 O-O-O 13. a4 a6 14. a5 Qc7 15. Be3 e5
16. fxe5 Nxe5 17. Bf4 g5 18. Bxe5 Bxe5 19. Nxe5 Qxe5 20. Kf2 h4 21. Qg1 Rhf8 22.
Ke1 Bxd3 23. Nd4 hxg3 24. Kd2 Bxe2 25. Nxe2 Rf2 26. Re1 Re8 0-1

[Event "67th Moscow Blitz 2013"]
[Site "Moscow RUS"]
[Date "2013.09.01"]
[Round "6"]
[White "Karjakin, Sergey"]
[Black "Korotylev, Alexey"]
[Result "1-0"]
[WhiteTitle "GM"]
[BlackTitle "GM"]
[WhiteElo "2772"]
[BlackElo "2573"]
[WhiteFideId "14109603"]
[BlackFideId "4119142"]
[EventDate "2013.09.01"]

1. e4 d6 2. d4 g6 3. Nc3 Bg7 4. f4 Nf6 5. Bd3 Na6 6. Nf3 c5 7. d5 Nc7 8. a4 a6
9. a5 O-O 10. O-O Rb8 11. Re1 b5 12. axb6 Rxb6 13. Na4 Rb8 14. c4 Bg4 15. h3
Bxf3 16. Qxf3 Nd7 17. Kh2 Rb3 18. Qd1 Qb8 19. Ra3 Rxa3 20. bxa3 Qb7 21. Bc2 Rb8
22. Qd3 Qc8 23. Bd2 Bd4 24. Qg3 Nb6 25. Qd3 Nxa4 26. Bxa4 Na8 27. e5 Qc7 28. e6
f5 29. Rb1 Rxb1 30. Qxb1 Qb6 31. Qc2 Qb2 32. Qxb2 Bxb2 33. Ba5 Bxa3 34. Bc6 Bb4
35. Bd8 a5 36. Bxe7 Nb6 37. Bxd6 Nxc4 38. Bc7 1-0